| 000 | 00673nam a2200241Ia 4500 | ||
|---|---|---|---|
| 003 | OSt | ||
| 005 | 20220923211949.0 | ||
| 006 | a|||||r|||| 00| 0 | ||
| 007 | ta | ||
| 008 | 220922b |||||||| |||| 00| 0 san d | ||
| 024 | _a75,654 | ||
| 037 | _cTextual | ||
| 040 |
_aARTS _cARTS _bsan |
||
| 041 |
_2san _asan |
||
| 082 | _aR65,6:gxN081, 152M1.1-.3 | ||
| 100 |
_aमोतीलाल _9156280 |
||
| 245 | 0 | _aराजर्षिविद्यायाम् | |
| 246 | _aRājarṣhividyāyām | ||
| 260 | _c1981 | ||
| 650 | _aवेद | ||
| 942 |
_hR65,6:gxN081, 152M1.1-.3 _cTEXL _2CC |
||
| 999 |
_c304992 _d304992 |
||